1322 1359 1693 1105 1548 1469 1506 1047 1138 1467 1790 1144 1414 1224 1021 1975 1816 1316 1867 1893 1376 1287 1487 1465 1840 1808 1285 1668 1919 1071 1440 1285 1381 1766 1021 1662 1020 1280 1282 1134 1678 1752 1894 1662 1310 1754 1780 1007 1639 1408 1432 1059 1017 1961 1085 1423 1036 1726 1593 1743 1121 1654 1534 1062 1435 1835 1539 1319 1233 1858 1374 1081 1454 1340 1195 1951 1579 1219 1266 1285 1751 1568 1013 1848 1166 1565 1985 1952 1454 1486 1375 1967 1041 1065 1467 1008 1471 1508 1463 BCNSPRNW ULIB Ver.6.0+V

เปลี่ยนเป็นภาษาไทย

Change to English
 แสดงรายละเอียดบรรณานุกรม
  กลับหน้าหลัก

Brief Record : Get Marc (ISO 2709) : E-mail record : QR code < ปิดหน้าต่าง
LEADER : 00000nam a2200000Ia 4500
001    13399125536
003     ULIB
008    170315s2558 th a b 000 0 tha d
020    ^a9786163980304
040    ^abns
060 04 ^aWM190^bณ259บ
100 0  ^aณหทัย วงศ์ปการันย์
245 10 ^aบุคลิกภาพแปรปรวน :^bการประเมินและการรักษา = Personalitydisorders : assessment and treatment /^cณหทัย วงศ์ปการันย์,ทินกร วงศ์ปการันย์
246 31 ^aPersonality disorders :^bassessment and treatment
250    ^aฉบับปรับปรุง
260    ^aเชียงใหม่ :^bภาควิชาจิตเวชศาสตร์ คณะแพทยศาสตร์ มหาวิทยาลัยเชียงใหม่,^c2558
300    ^aก-ฌ, 504 หน้า :^bภาพประกอบ ;^c23 ซม.
650  4 ^aบุคลิกภาพผิดปกติ
700 0  ^aทินกร วงศ์ปการันย์
710 2  ^aมหาวิทยาลัยเชียงใหม่.^bคณะแพทยศาสตร์.^bภาควิชาจิตเวชศาสตร์
945    ^p520^l0^i25212
995    ^aกัณชพร
999    ^aกัณชพร
รายการนี้ยังไม่มีแท็ก
คุณยังไม่ได้ล็อกอิน คุณสามารถมีกิจกรรมร่วมกับเว็บไซต์ได้ แต่ต้องล็อกอินก่อน ::
  ล็อกอิน

รายการสื่อสารสนเทศ

ลำดับที่ ประเภท เลขเรียก/บาร์โค้ด สถานที่ สถานะ
1. วิทยาศาสตร์การแพทย์ และสุขภาพ
วิทยาศาสตร์การแพทย์ และสุขภาพ
สถานะ=หนังสือเก่า
WM190 ณ259บ ฉ.1 
  Barcode: 25212
ห้องสมุดวิทยาเขตนครสวรรค์
►ส่วนจัดเก็บหนังสือเก่า นว.
บนชั้น
  ขอยืม

รายการใกล้เคียง
    ผู้แต่ง [ณหทัย วงศ์ปการันย์]

    หัวเรื่อง [บุคลิกภาพผิดปกติ]

BibComment


ยังไม่เคยถูกคอมเมนท์

คอมเมนท์ทรัพยากรรายการนี้
  คอมเมนท์: บุคลิกภาพแปรปรวน..


 Copyright 2026. Bcnsprnw @Library